Central Library OPAC University of Rajshahi

দাঙ্গার ইতিহাস / (Record no. 39225)

MARC details
000 -LEADER
fixed length control field 00984nam a2200241 a 4500
001 - CONTROL NUMBER
control field 39225
003 - CONTROL NUMBER IDENTIFIER
rucl marc code BD-RjUL
005 - DATE AND TIME OF LATEST TRANSACTION
control field 20211209052939.0
008 - FIXED-LENGTH DATA ELEMENTS--GENERAL INFORMATION
fixed length control field 160406s2015 bg ||||| |||| 001 0 ben d
020 ## - INTERNATIONAL STANDARD BOOK NUMBER
International Standard Book Number 9847000002532
Terms of availability : TK.700.00
035 ## - SYSTEM CONTROL NUMBER
System control number (BD-RjUL)39337
040 ## - CATALOGING SOURCE
Original cataloging agency BD-RjUL
Language of cataloging ben
Transcribing agency BD-RjUL
041 ## - LANGUAGE CODE
Language code of text/sound track or separate title ben
082 ## - DEWEY DECIMAL CLASSIFICATION NUMBER
Edition number 23
Classification number 303.6230954
Author mark and year BAD 2015
100 ## - MAIN ENTRY--PERSONAL NAME
Personal name বন্দ্যোপাধ্যায়, শৈলেশকুমার
9 (RLIN) 120960
245 ## - TITLE STATEMENT
Title দাঙ্গার ইতিহাস /
Remainder of title শৈলেশকুমার বন্দ্যোপাধ্যায়
250 ## - EDITION STATEMENT
Edition statement বর্ধিত ১ম বাংলাদেশ সং.
260 ## - PUBLICATION, DISTRIBUTION, ETC. (IMPRINT)
Place of publication, distribution, etc. ঢাকা :
Name of publisher, distributor, etc. জাতীয় সাহিত্য প্রকাশ,
Date of publication, distribution, etc. ২০১৫
300 ## - PHYSICAL DESCRIPTION
Pagination [২০], ৪৬৮পৃ. ;
Size ২২ সেমি.
650 ## - SUBJECT ADDED ENTRY--TOPICAL TERM
Topical term or geographic name as entry element দাঙ্গা
Form subdivision ইতিহাস
Geographic subdivision ভারত
9 (RLIN) 133167
Topical term or geographic name as entry element Riots
Form subdivision History
Geographic subdivision India
9 (RLIN) 133168
942 ## - ADDED ENTRY ELEMENTS (KOHA)
Source of classification or shelving scheme Dewey Decimal Classification
Koha item type Books
Holdings
Lost status Source of classification or shelving scheme Damaged status Not for loan Collection code Permanent Location Current Location Shelving location Date acquired Source of acquisition Cost, normal purchase price Total Checkouts Full call number Date last seen Copy number Koha item type Date checked out
  Dewey Decimal Classification   Not For Loan Non-fiction Central Library, University of Rajshahi Central Library, University of Rajshahi Reading Room 27/01/2016 Jatiya Shahito Prakash,Dhaka 700.00   B 303.6230954 BAD 2015 06/04/2016 C-1 Books  
  Dewey Decimal Classification     Non-fiction Central Library, University of Rajshahi Central Library, University of Rajshahi   27/01/2016 Jatiya Shahito Prakash,Dhaka 700.00   B 303.6230954 BAD 2015 06/04/2016 C-2 Books  
  Dewey Decimal Classification     Non-fiction Central Library, University of Rajshahi Central Library, University of Rajshahi   27/01/2016 Jatiya Shahito Prakash,Dhaka 700.00 9 B 303.6230954 BAD 2015 03/04/2022 C-3 Books 21/03/2022
  Dewey Decimal Classification     Non-fiction Central Library, University of Rajshahi Central Library, University of Rajshahi General Stacks 17/04/2022 Jatiya Sahitya Prakash 490.00   B 303.6230954 BAD 2015 13/06/2022 C-4 Books  
  Dewey Decimal Classification     Non-fiction Central Library, University of Rajshahi Central Library, University of Rajshahi General Stacks 17/04/2022 Jatiya Sahitya Prakash 490.00 2 B 303.6230954 BAD 2015 16/01/2023 C-5 Books 13/12/2022